| 000 | 01955cam a2200457 a 4500 | ||
|---|---|---|---|
| 001 | ocm60530667 | ||
| 003 | OCoLC | ||
| 005 | 20100830050115.0 | ||
| 008 | 050601s2005 fr 000 0 eng c | ||
| 040 |
_aOML _cOML _dXND _dILI _dGZM _dBAKER _dNLGGC _dYDXCP _dBTCTA |
||
| 020 | _a9287156948 | ||
| 020 | _a9789287156945 | ||
| 029 | 1 |
_aNLGGC _b274034441 |
|
| 029 | 1 |
_aYDXCP _b100399025 |
|
| 029 | 1 |
_aNZ1 _b10641737 |
|
| 029 | 1 |
_aAU@ _b000027729908 |
|
| 035 | _a(OCoLC)60530667 | ||
| 042 | _apcc | ||
| 043 | _ae------ | ||
| 050 | 4 |
_aKJC8780.A5 _bH86 2005 |
|
| 084 |
_a86.81 _2bcl |
||
| 049 | _aSZTA | ||
| 245 | 0 | 0 |
_aHuman rights and the fight against terrorism : _bthe Council of Europe guidelines. |
| 260 |
_aStrasbourg : _bCouncil of Europe Pub., _cc2005. |
||
| 300 |
_a66 p. ; _c21 cm. |
||
| 500 | _a"March 2005." | ||
| 500 | _a" ... the Committee of Ministers of the Council of Europe adopted Guidelines on human rights and the fight against terrorism on 11 July 2002. ... The Committee of Ministers also adopted Guidelines on the protection of victims of terrorist acts on 2 March 2005"--P. 5. | ||
| 650 | 0 |
_aTerrorism _xPrevention. |
|
| 650 | 0 |
_aHuman rights _zEurope. |
|
| 650 | 1 | 7 |
_aTerrorisme. _2gtt |
| 650 | 1 | 7 |
_aMensenrechten. _2gtt |
| 650 | 1 | 7 |
_aRaad van Europa. _2gtt |
| 710 | 2 |
_aCouncil of Europe. _bCommittee of Ministers. |
|
| 776 | 0 | 8 |
_iOnline version: _tHuman rights and the fight against terrorism. _dStrasbourg : Council of Europe Pub., c2005 _w(OCoLC)607718157 |
| 776 | 0 | 8 |
_iOnline version: _tHuman rights and the fight against terrorism. _dStrasbourg : Council of Europe Pub., c2005 _w(OCoLC)608339783 |
| 938 |
_aBaker & Taylor _bBKTY _c12.00 _d12.00 _i9287156948 _n0006501784 _sactive |
||
| 938 |
_aYBP Library Services _bYANK _n100399025 |
||
| 938 |
_aBaker and Taylor _bBTCP _nBK0006501784 |
||
| 994 |
_aC0 _bSZT |
||
| 999 |
_c965 _d965 |
||